000 02372nam a2200193 a 4500
001 ASIN0141007540
005 20170105102922.0
008 131209s2004 xxu eng d
020 _a0141007540 (paperback)
_c$13.50
020 _a9780141007540 (paperback)
040 _a0
100 1 _aFerguson, Niall.
245 1 0 _aEmpire how britain made the modern world /
_cNiall Ferguson.
260 _a[S.l.] :
_bPenguin Group(CA),
_c2004.
300 _a422 p. ;
_c20 cm.
520 _aNiall Ferguson's bestselling "Empire" is the compelling story of how the British empire rose to power - and why it finally fell. Once vast swathes of the globe were coloured imperial red and Britannia ruled not just the waves, but the prairies of America, the plains of Asia, the jungles of Africa and the deserts of Arabia. Just how did a small, rainy island in the North Atlantic achieve all this? And why did the empire on which the sun literally never set finally decline and fall? Niall Ferguson's acclaimed "Empire" brilliantly unfolds the imperial story in all its splendours and its miseries, showing how a gang of buccaneers and gold-diggers planted the seed of the biggest empire in all history - and set the world on the road to modernity. "The most brilliant British historian of his generation...Ferguson examines the roles of "pirates, planters, missionaries, mandarins, bankers and bankrupts" in the creation of history's largest empire ...he writes with splendid panache ...and a seemingly effortless, debonair wit". (Andrew Roberts). "Dazzling ...wonderfully readable". ("New York Review of Books"). "A remarkably readable precis of the whole British imperial story - triumphs, deceits, decencies, kindnesses, cruelties and all". (Jan Morris). ""Empire" is a pleasure to read and brims with insights and intelligence". ("Sunday Times"). Niall Ferguson is one of Britain's most renowned historians. He is Laurence A. Tisch Professor of History at Harvard University, a Senior Research Fellow of Jesus College, Oxford and a Senior Fellow of the Hoover Institution, Stanford University. He is the bestselling author of "Civilization", "The House of Rothschild", "The Cash Nexus", "The Pity of War", "Colossus", "The War of the World" and "The Ascent of Money".
856 4 0 _3Amazon.com
_uhttp://www.amazon.com/exec/obidos/ASIN/0141007540/chopaconline-20
942 _2ddc
_cBK
999 _c15643
_d15643